000
00404nam a2200145Ia 4500
008
090124s9999 xx 000 0 und d
082
_b
400181
245
_a
संत मुक्ताई
250
_a
1
260
_b
गुप्ते चारुशीला
_c
1975
300
_a
80
630
_a
संत मुक्ताई
730
_a
संत मुक्ताई
942
_c
BOOK
999
_c
196102
_d
196102